000 00633 a2200193 4500
001 26579
005 20260407155545.0
008 260407a1972 arg spa d
003 AR-UNSa-BCEJYS
040 _aAR-UNSa-BCEJYS
_bspa
_cAR-UNSa-BCEJYS
080 _a347.7(094.4)
_xCódigo de Comercio
245 1 0 _aCódigo de Comercio de la República Argentina
_py sus Leyes y Decretos complementarios
264 1 _aBuenos Aires :
_bVíctor P. de Zavalía
_c1972
300 _a950 p.
_c20 cm.
942 _cBK
590 _aniveau_biblio:m niveau_hierar:0
100 1 _aArgentina [Código de Comercio]
700 1 _aZamora, Fernando Marcelo
999 _c1478
_d1478